000 00322 a2200145 4500
001 175099
020 _a
040 _cMagnum
100 _aTelles, Carlos Queiroz
240 1 0 _aA historia da pedra grande
_lpor
245 1 0 _aA historia da pedra grande
362 0 _a1899
697 _aIJ/BRUXA, MISTERIO
942 _cBK
999 _c175099
_d175099